000 00504nam a2200217Ia 4500
003 0100
008 130303s9999 xx 000 0 und d
020 _a0391026216
040 _cARRUPELIB
050 _aB2798.S4 1968
100 _aSellars, Wilfrid
245 _aScience and Metaphysics
245 _bvariations on Kantian Themes
260 _aLondon
260 _bRoutledge and Kegan Paul
260 _C1968
300 _a246p.
300 _b 22cm
650 _aMETAPHYSICS
942 0 0 _03
999 _c36242
_d36242